[Event "Lutsk Nebesna Sotnya Memorial blitz"]
[Site "Lutsk"]
[Date "2015.02.20"]
[Round "1"]
[White "Kravets, Olexander"]
[Black "Stupak, Kirill"]
[Result "0-1"]
[WhiteElo "1805"]
[BlackElo "2568"]
[PlyCount "48"]
[EventDate "2015.02.20"]
[EventType "swiss (blitz)"]
[EventRounds "22"]
[EventCountry "UKR"]
[SourceTitle "CBM 165 Extra"]
[Source "ChessBase"]
[SourceDate "2015.04.21"]
[SourceVersion "1"]
[SourceVersionDate "2015.04.21"]
[SourceQuality "1"]

1. d4 e6 2. c4 Nf6 3. Nf3 c5 4. Nc3 cxd4 5. Nxd4 Bb4 6. Bd2 0-0 7. Qc2 a6 8. e4 Bc5 9. Be3 Ng4 10. Be2 Nxe3 11. fxe3 Qh4+ 12. g3 Qh6 13. Qd3 d6 14. Kd2 Nd7 15. Nf3 b6 16. a3 Ne5 17. Nxe5 dxe5 18. Rad1 Bb7 19. Kc2 Bxe3 20. Qd7 Rab8 21. h4 Bd4 22. Rhf1 Qe3 23. Rf3 Bxe4+ 24. Nxe4 Qxe4+ 0-1